| 000 | 00928nam a22003137a 4500 | ||
|---|---|---|---|
| 003 | CHAP | ||
| 005 | 20220329140617.0 | ||
| 008 | 971013s1984 r 00010 d | ||
| 010 | _a54717 | ||
| 011 | _a55689 | ||
| 035 | _a59841 | ||
| 040 | _cCHAP | ||
| 082 |
_a575.1 _bS3 |
||
| 100 | 0 | 0 |
_aSang, James H. _9102204 |
| 245 | _aGenetics and development | ||
| 260 |
_aLondon : _bLongman, _c1984 |
||
| 300 |
_a398 p. _b: ilus. |
||
| 590 |
_aBATCH-UPD _b10 _c20130110 _lUCH01 _h0242 |
||
| 590 |
_aBATCH-UPD _b10 _c20130110 _lUCH01 _h1817 |
||
| 590 |
_aBATCH-UPD _b10 _c20130409 _lUCH01 _h2311 |
||
| 590 |
_aBATCH-UPD _b10 _c20130914 _lUCH01 _h1258 |
||
| 590 |
_aCONVERSION _b10 _c20130109 _lUCH01 _h1330 |
||
| 650 | 1 | 4 |
_aEmbriología. _936486 |
| 650 | 1 | 4 |
_aGenética. _947469 |
| 650 | 1 | 4 |
_aMutación. _979906 |
| 901 | _aBK | ||
| 942 | _cLIBRO | ||
| 949 |
_a575.1 S3 _bBC _cLIBRO _d33724000400347 _eLIBRO _gI. 125733 _h65156 _i59841 _si _t5777.00 |
||
| 999 |
_c54717 _d54717 |
||